000 00517nam a2200157Ia 4500
008 100204s9999 xx 000 0 und d
082 _b27235
100 _aकातटन मायकेल
245 _aप्रे सावज
260 _b"मॅजेस्टिक प्रकाशन , मुंबई"
_c2006
300 _a361
630 _aप्रे सावज
700 _aजोगळेकर प्र्रमोद
730 _aप्रे सावज
942 _cBOOK
999 _c472411
_d472408